Online
Catalog

La formación del estado populista en América Latina / (Record no. 21434)

MARC details
000 -CABECERA
campo de control de longitud fija 00644nam a2200205 a 4500
001 - NÚMERO DE CONTROL
campo de control 000021936
005 - FECHA Y HORA DE LA ÚLTIMA TRANSACCIÓN
campo de control 20200930011518.0
008 - DATOS DE LONGITUD FIJA--INFORMACIÓN GENERAL
campo de control de longitud fija 100914s1980 mx a r 000 0 spa d
040 ## - FUENTE DE LA CATALOGACIÓN
Centro catalogador/agencia de origen DO-SdBNP
Lengua de catalogación spa
Centro/agencia transcriptor BNPHU
082 ## - NÚMERO DE LA CLASIFICACIÓN DECIMAL DEWEY
Número de clasificación NNN
Número de documento/Ítem I11f, 1980
049 ## - FONDOS LOCALES (OCLC)
Fondos de biblioteca BNGR
100 1# - ENTRADA PRINCIPAL--NOMBRE DE PERSONA
Nombre de persona Ianni, Octavio,
Fechas asociadas al nombre 1926-2004
9 (RLIN) 45517
245 10 - MENCIÓN DE TÍTULO
Título La formación del estado populista en América Latina /
Mención de responsabilidad, etc. Octavio Ianni.
250 ## - MENCIÓN DE EDICIÓN
Mención de edición 2a ed.
260 ## - PUBLICACIÓN, DISTRIBUCIÓN, ETC.
Lugar de publicación, distribución, etc. México :
Nombre del editor, distribuidor, etc. Era,
Fecha de publicación, distribución, etc. 1980.
300 ## - DESCRIPCIÓN FÍSICA
Extensión 177, [13] p. ;
Dimensiones 18 cm.
490 1# - MENCIÓN DE SERIE
Mención de serie Popular era
Designación de volumen o secuencia 30
500 ## - NOTA GENERAL
Nota general Incluye notas y referencias bibliográficas al pie de las páginas
830 #0 - PUNTO DE ACCESO ADICIONAL DE SERIE-TÍTULO UNIFORME
Título uniforme Popular era ;
Designación de volumen o secuencia 30
9 (RLIN) 27371
Holdings
Estado de retiro Estado de pérdida Restricciones de uso No para préstamo Código de colección Localización permanente Ubicación/localización actual Ubicación en estantería Fecha de adquisición Número de inventario Total de préstamos Signatura topográfica completa Código de barras Fecha visto por última vez Precio válido a partir de Tipo de ítem Koha
        Monografías: Libros y Folletos General General En catalogación 14.09.2010 LF1   NNN I11f, 1980 21936-10 25.06.2020 25.06.2020 Préstamo en sala

Powered by Koha